Văn hóa dân gian dân tộc Thổ
v.v..
Đã lưu trong:
| Tác giả chính: | |
|---|---|
| Định dạng: | Sách |
| Năm xuất bản: |
H.
Văn hóa - Thông tin
2013
|
| Chủ đề: | |
| Tags: |
Thêm thẻ
Không có thẻ, Hãy là người đầu tiên gắn thẻ bản ghi này!
|
| LEADER | 00748nam a2200205 4500 | ||
|---|---|---|---|
| 082 | |a 398.095974 |b QU105V | ||
| 100 | |a Quán Vi Miên | ||
| 245 | |a Văn hóa dân gian dân tộc Thổ |c Quán Vi Miên | ||
| 260 | |a H. |b Văn hóa - Thông tin |c 2013 | ||
| 300 | |a 282 tr. |c 21 cm. | ||
| 500 | |a Đầu trang tên sách ghi: Hội văn nghệ dân gian Việt Nam | ||
| 520 | |a v.v.. | ||
| 653 | |a Văn hóa dân gian | ||
| 653 | |a Việt Nam | ||
| 653 | |a Nghệ An | ||
| 653 | |a Thanh Hóa | ||
| 653 | |a Dân tộc thiểu số | ||
| 942 | |2 ddc |c SH | ||
| 999 | |c 4011 |d 4011 | ||
| 952 | |0 0 |1 0 |2 ddc |4 0 |6 398_095974000000000_QU105V |7 0 |8 300 |9 41123 |a qbu |b qbu |c D2 |d 2014-12-18 |g 55000 |o 398.095974 QU105V |p 1223.c1 |r 0000-00-00 |w 2014-12-18 |y SH |0 0 |6 398_095974000000000_QU105V | ||